书目信息 |
| 题名: |
最寒冷的冬天
|
|
| 作者: | 白善烨 著 ;金勇 译 | |
| 分册: | Ⅱ 一位韩国上将亲历的朝鲜战争 | |
| 出版信息: | 重庆 重庆出版社 2013.02 |
|
| 页数: | 341页 | |
| 开本: | 24cm | |
| 丛书名: | ||
| 单 册: | ||
| 中图分类: | K312.52 | |
| 科图分类: | ||
| 主题词: | 朝鲜战争(1950-1953)--史料 , 朝鲜战争(1950-1953) | |
| 电子资源: | ||
| ISBN: | 978-7-229-05949-1 | |
| 000 | 00876nam0 2200253 450 | |
| 001 | 010040009970 | |
| 005 | 20130608170822.42 | |
| 010 | @a978-7-229-05949-1@dCNY48.00 | |
| 100 | @a20130107d2013 em y0chiy50 ea | |
| 101 | 1 | @achi@ckor |
| 102 | @aCN@b500000 | |
| 105 | @aabf z 000yy | |
| 106 | @ar | |
| 200 | 1 | @a最寒冷的冬天@9zui han leng de dong tian@hⅡ@i一位韩国上将亲历的朝鲜战争@f(韩)白善烨著@g金勇译 |
| 210 | @a重庆@c重庆出版社@d2013.02 | |
| 215 | @a341页@c图,照片,地图@d24cm | |
| 330 | @a本书主要内容包括:序幕拉开 三八线上燃起战火;决战洛东江 300公里大撤退;北进!北进! 遭遇中国志愿军奇袭;再次后撤 北进平壤成泡影等。 | |
| 606 | 0 | @a朝鲜战争(1950-1953)@x史料 |
| 606 | 0 | @a朝鲜战争(1950-1953) |
| 690 | @aK312.52@v5 | |
| 701 | 0 | @c(韩)@a白善烨@9bai shan ye@4著 |
| 702 | 0 | @a金勇@9jin yong@4译 |
| 801 | 0 | @aCN@bRENTIAN@c20130107 |
| 905 | @dK312.52@e10:2 | |
| 最寒冷的冬天.Ⅱ.一位韩国上将亲历的朝鲜战争/(韩)白善烨著/金勇译.-重庆:重庆出版社,2013.02 |
| 341页:图,照片,地图;24cm |
| ISBN 978-7-229-05949-1:CNY48.00 |
| 本书主要内容包括:序幕拉开 三八线上燃起战火;决战洛东江 300公里大撤退;北进!北进! 遭遇中国志愿军奇袭;再次后撤 北进平壤成泡影等。 |
| ● |
| 相关链接 |
|
|
|
|
正题名:最寒冷的冬天
索取号:K312.52/10:2
 
预约/预借
| 序号 | 登录号 | 条形码 | 馆藏地/架位号 | 状态 | 备注 |
| 1 | 0545091 | 205450910 | 第二样本阅览室/ [索取号:K312.52/10:2] | 在馆 | |
| 2 | 0545092 | 205450929 | 第二借阅区/ [索取号:K312.52/10:2] | 在馆 | |
| 3 | 0545093 | 205450938 | 第二借阅区/ [索取号:K312.52/10:2] | 在馆 | |
| 4 | 0545094 | 205450947 | 第二借阅区/ [索取号:K312.52/10:2] | 在馆 | |
| 5 | 0545095 | 205450956 | 第二借阅区/ [索取号:K312.52/10:2] | 在馆 |